000 00606nam a2200193 a 4500
005 20140412111249.0
008 020515s19uu xx 00 eng d
020 _a0-394-84838-1
050 _aER
_bBe35Mo 1981
100 _aBerenstain, Jan
245 _aBerenstain Bears' (The)/ :
_cStan & Jan Berenstain.
_bMoving day /
260 _aNew York :
_bRandom House,
_c1981.
300 _a1 v. (unp.) ; ill.
440 _aA First Time Book
520 _aThe Bear family decides it is time to move to a larger house.
650 _aMoving, Household
_xFiction
650 _aBears
_xFiction
999 _c103044
_d103044